[Event "35 Open Ciudad de San Sebastián"]
[Site "San Sebastian ESP"]
[Date "2012.04.06"]
[Round "8.3"]
[White "Spraggett, Kevin"]
[Black "Gonzalez Perez, Arian"]
[Result "1-0"]
[WhiteElo "2584"]
[BlackElo "2468"]
[PlyCount "83"]
[EventDate "2012.03.31"]
[EventType "swiss"]
[EventRounds "9"]
[EventCountry "ESP"]
[Source "lmi"]
[SourceDate "2012.03.31"]

1. Nf3 Nf6 2. g3 b6 3. d4 e6 4. Bg2 Bb7 5. c4 Bb4+ 6. Bd2 a5 7. O-O O-O 8. Bg5
Be7 9. Qc2 d5 10. Bxf6 Bxf6 11. cxd5 exd5 12. Nc3 Nc6 13. Rfd1 Ne7 14. Rac1 Re8
15. e3 Nc8 16. Qb3 c6 17. e4 dxe4 18. Nxe4 a4 19. Qc2 Nd6 20. Ne5 Nxe4 21. Bxe4
Bxe5 22. dxe5 Qe7 23. Bxh7+ Kh8 24. Rd4 Qxe5 25. Re4 Qf6 26. Rf4 Qe7 27. Rh4
Qe5 28. Be4+ Kg8 29. Bxc6 Bxc6 30. Qh7+ Kf8 31. Rxc6 Rad8 32. Rc1 Rd2 33. Rf1
Rxb2 34. Rxa4 g6 35. Re4 Qxe4 36. Qh8+ Ke7 37. Qxb2 Qe6 38. Qb4+ Kf6 39. Qd4+
Ke7 40. Rb1 Rb8 41. Rb3 Rd8 42. Qh4+ 1-0

[Event "35 Open Ciudad de San Sebastián"]
[Site "San Sebastian ESP"]
[Date "2012.04.06"]
[Round "8.4"]
[White "Hansen, Torbjorn Ringdal"]
[Black "Vazquez Igarza, Renier"]
[Result "1/2-1/2"]
[WhiteElo "2469"]
[BlackElo "2566"]
[PlyCount "125"]
[EventDate "2012.03.31"]
[EventType "swiss"]
[EventRounds "9"]
[EventCountry "ESP"]
[Source "lmi"]
[SourceDate "2012.03.31"]

1. Nf3 Nc6 2. c4 e5 3. Nc3 f5 4. d4 e4 5. Ng5 Bb4 6. Nh3 Nf6 7. Bg5 h6 8. Bxf6
Qxf6 9. e3 Ne7 10. Be2 Bxc3+ 11. bxc3 b6 12. O-O Bb7 13. a4 O-O 14. a5 Rab8 15.
Qa4 d6 16. c5 Bc6 17. Qa2+ Kh8 18. cxd6 Qxd6 19. c4 Bd7 20. Rfd1 Be6 21. Nf4
Bf7 22. axb6 axb6 23. Qa3 Qd7 24. Qc3 Kh7 25. Nh5 b5 26. cxb5 Nd5 27. Qc5 Bxh5
28. Bxh5 f4 29. Ra6 Kh8 30. exf4 Nxf4 31. h3 Qxb5 32. Qxb5 Rxb5 33. Bg4 h5 34.
Bd7 Rg5 35. g3 e3 36. Ra2 Nd5 37. h4 Rg6 38. Re1 exf2+ 39. Rxf2 Nf6 40. Be6
Rxg3+ 41. Rg2 Rd3 42. d5 Rc3 43. Rg5 Re8 44. Ree5 Kh7 45. Bf5+ Kg8 46. Rxe8+
Nxe8 47. Rxh5 Nf6 48. Be6+ Kf8 49. Rh8+ Ke7 50. Kg2 c6 51. Rc8 Kd6 52. Rxc6+
Rxc6 53. dxc6 Kxe6 54. Kg3 Nd5 55. Kg4 Kf6 56. h5 Nc7 57. Kf4 Ne6+ 58. Kg4 Kf7
59. Kf5 Nc7 60. Kg5 Ne6+ 61. Kf5 Nd4+ 62. Kg5 Nxc6 63. h6 1/2-1/2

[Event "35 Open Ciudad de San Sebastián"]
[Site "San Sebastian ESP"]
[Date "2012.04.06"]
[Round "8.5"]
[White "Devereaux, Maxim L"]
[Black "Andres Gonzalez, Alberto"]
[Result "0-1"]
[WhiteElo "2373"]
[BlackElo "2525"]
[PlyCount "74"]
[EventDate "2012.03.31"]
[EventType "swiss"]
[EventRounds "9"]
[EventCountry "ESP"]
[Source "lmi"]
[SourceDate "2012.03.31"]

1. d4 Nf6 2. c4 e6 3. Nf3 Bb4+ 4. Nbd2 b6 5. a3 Bxd2+ 6. Bxd2 Bb7 7. Bg5 d6 8.
e3 Nbd7 9. Be2 h6 10. Bh4 g5 11. Bg3 Ne4 12. O-O Qe7 13. Nd2 Nxg3 14. fxg3 O-O
15. Bf3 Bxf3 16. Rxf3 c5 17. Qc2 Rac8 18. Raf1 cxd4 19. exd4 d5 20. g4 dxc4 21.
Ne4 b5 22. h4 f6 23. Nd6 Rc6 24. Nxb5 Kg7 25. hxg5 hxg5 26. Qe4 Rb6 27. Nc7 Rf7
28. Rh3 Nf8 29. Rxf6 Rxf6 30. Nd5 Qd8 31. Nxf6 Qxf6 32. Rf3 Qd8 33. Qe5+ Kg8
34. Rh3 Ng6 35. Qe4 Kg7 36. Kh1 Qd5 37. Qe2 Nf4 0-1

[Event "35 Open Ciudad de San Sebastián"]
[Site "San Sebastian ESP"]
[Date "2012.04.06"]
[Round "8.6"]
[White "Velten, Paul"]
[Black "Urkedal, Frode"]
[Result "1-0"]
[WhiteElo "2310"]
[BlackElo "2460"]
[PlyCount "77"]
[EventDate "2012.03.31"]
[EventType "swiss"]
[EventRounds "9"]
[EventCountry "ESP"]
[Source "lmi"]
[SourceDate "2012.03.31"]

1. d4 Nf6 2. Nf3 g6 3. e3 Bg7 4. Be2 d5 5. b4 O-O 6. Bb2 a5 7. b5 c5 8. dxc5
Nbd7 9. Nbd2 Nxc5 10. Nb3 Nce4 11. O-O a4 12. Nbd2 Qa5 13. c4 Rd8 14. Qc1 Bg4
15. Rd1 Rac8 16. h3 Bxf3 17. gxf3 Nd6 18. Bc3 Qc7 19. Qb2 dxc4 20. e4 Nh5 21.
e5 Nf5 22. Nxc4 Rxd1+ 23. Rxd1 Nf4 24. Bf1 Nxh3+ 25. Kh2 Ng5 26. f4 Nf3+ 27.
Kh3 b6 28. Be2 N3h4 29. Qd2 Qc5 30. Bf1 Qxb5 31. Qd5 Rc5 32. Qa8+ Bf8 33. e6
Nd6 34. Rxd6 fxe6 35. Rd8 Rf5 36. Ne3 Qb1 37. Bc4 h5 38. Bxe6+ Kh7 39. Rd1 1-0

[Event "35 Open Ciudad de San Sebastián"]
[Site "San Sebastian ESP"]
[Date "2012.04.06"]
[Round "8.7"]
[White "Romanishin, Oleg M"]
[Black "Aranaz Portugues, Jose Carlos"]
[Result "1-0"]
[WhiteElo "2541"]
[BlackElo "2177"]
[PlyCount "57"]
[EventDate "2012.03.31"]
[EventType "swiss"]
[EventRounds "9"]
[EventCountry "ESP"]
[Source "lmi"]
[SourceDate "2012.03.31"]

1. Nf3 e6 2. g3 d5 3. Bg2 c6 4. O-O Nd7 5. d4 f5 6. Bf4 Ngf6 7. c4 Be7 8. Qc2
Nf8 9. Nbd2 Ng6 10. e3 O-O 11. Ne5 Nh8 12. Nd3 Nf7 13. b4 g5 14. Be5 Nxe5 15.
dxe5 Ne4 16. Nb3 g4 17. Nd4 Bg5 18. Rfd1 Qe7 19. b5 Bd7 20. bxc6 bxc6 21. Rab1
Rab8 22. cxd5 cxd5 23. Rxb8 Rxb8 24. Qc7 Qd8 25. Qxd8+ Bxd8 26. Bxe4 fxe4 27.
Nc5 Bb5 28. Rb1 a6 29. Nxa6 1-0

[Event "35 Open Ciudad de San Sebastián"]
[Site "San Sebastian ESP"]
[Date "2012.04.06"]
[Round "8.8"]
[White "Anurag, Mhamal"]
[Black "Bakre, Tejas"]
[Result "1/2-1/2"]
[WhiteElo "2273"]
[BlackElo "2513"]
[PlyCount "22"]
[EventDate "2012.03.31"]
[EventType "swiss"]
[EventRounds "9"]
[EventCountry "ESP"]
[Source "lmi"]
[SourceDate "2012.03.31"]

1. e4 e5 2. Nf3 Nc6 3. Bc4 Bc5 4. c3 Nf6 5. d3 d6 6. Nbd2 a6 7. Bb3 Ba7 8. O-O
Ne7 9. Re1 Ng6 10. Nf1 O-O 11. Be3 Bxe3 1/2-1/2

[Event "35 Open Ciudad de San Sebastián"]
[Site "San Sebastian ESP"]
[Date "2012.04.06"]
[Round "8.10"]
[White "Thakur, Akash"]
[Black "Lopez Martinez, Josep Manuel"]
[Result "0-1"]
[WhiteElo "2299"]
[BlackElo "2508"]
[PlyCount "84"]
[EventDate "2012.03.31"]
[EventType "swiss"]
[EventRounds "9"]
[EventCountry "ESP"]
[Source "lmi"]
[SourceDate "2012.03.31"]

1. e4 c5 2. Nf3 e6 3. c4 a6 4. Nc3 Qc7 5. d4 cxd4 6. Nxd4 Nf6 7. a3 b6 8. Be3
Bb7 9. f3 d6 10. Be2 Nbd7 11. O-O Be7 12. Rc1 Rc8 13. b4 O-O 14. Qd2 h5 15.
Rfd1 h4 16. Bf1 Qb8 17. Qf2 Rfe8 18. Nb3 h3 19. g3 Ne5 20. Na4 b5 21. Nb6 Rcd8
22. cxb5 axb5 23. Na5 Bxe4 24. Be2 Ba8 25. Rf1 Bd5 26. Nxd5 Nxd5 27. f4 Nxe3
28. Qxe3 Qa8 29. Rf2 Nc4 30. Nxc4 bxc4 31. Bxc4 Rc8 32. Rcc2 Bd8 33. f5 e5 34.
g4 Qb7 35. Bd5 Qxd5 36. Rxc8 Qd1+ 37. Rf1 Qxg4+ 38. Qg3 Qxg3+ 39. hxg3 Bb6+ 40.
Kh2 Rxc8 41. a4 Rc2+ 42. Kxh3 Rb2 0-1

[Event "35 Open Ciudad de San Sebastián"]
[Site "San Sebastian ESP"]
[Date "2012.04.06"]
[Round "8.11"]
[White "Martin Alvarez, Inigo"]
[Black "Alonso Arburu, Juan Ignacio"]
[Result "0-1"]
[WhiteElo "2265"]
[BlackElo "2364"]
[PlyCount "78"]
[EventDate "2012.03.31"]
[EventType "swiss"]
[EventRounds "9"]
[EventCountry "ESP"]
[Source "lmi"]
[SourceDate "2012.03.31"]

1. e4 e5 2. Nf3 d6 3. d4 Nf6 4. Nc3 Nbd7 5. Bc4 Be7 6. O-O O-O 7. Re1 c6 8. a4
b6 9. h3 a6 10. Ba2 Bb7 11. dxe5 dxe5 12. Nh4 Bb4 13. Qf3 Nc5 14. Nf5 Ne6 15.
Rd1 Nd4 16. Nxd4 exd4 17. e5 Nd7 18. Ne4 Nxe5 19. Qg3 Ng6 20. c3 Be7 21. Rxd4
Qe8 22. Bg5 c5 23. Nd6 Qc6 24. Bxe7 cxd4 25. Bxf8 Rxf8 26. Nxb7 dxc3 27. Nd6
cxb2 28. Rb1 Qxa4 29. Rxb2 Nf4 30. Qb3 Qc6 31. f3 Qxd6 32. Qxb6 Qe5 33. Qb7 h5
34. Rc2 Qe3+ 35. Kh2 Ne2 36. Qb1 Qe5+ 37. Kh1 Rd8 38. Bc4 Nc3 39. Qg1 Rd1 0-1

[Event "35 Open Ciudad de San Sebastián"]
[Site "San Sebastian ESP"]
[Date "2012.04.06"]
[Round "8.12"]
[White "Lakunza Oyarbide, Juan Carlos"]
[Black "Satyapragyan, Swayangsu"]
[Result "0-1"]
[WhiteElo "2111"]
[BlackElo "2432"]
[PlyCount "84"]
[EventDate "2012.03.31"]
[EventType "swiss"]
[EventRounds "9"]
[EventCountry "ESP"]
[Source "lmi"]
[SourceDate "2012.03.31"]

1. d4 Nf6 2. c4 c5 3. Nf3 cxd4 4. Nxd4 b6 5. e3 Bb7 6. Nc3 e6 7. a3 Be7 8. Be2
Nc6 9. O-O O-O 10. b3 Rc8 11. Bb2 Qc7 12. Rc1 Qb8 13. Bf3 Na5 14. e4 Bd6 15. g3
Be5 16. Nde2 Nxe4 17. Nxe4 Bxb2 18. Rb1 Bxa3 19. Qxd7 Rfd8 20. Qa4 Be7 21. Bg2
Bxe4 22. Bxe4 Qe5 23. Bf3 Rd3 24. Kg2 Rcd8 25. Nf4 R3d4 26. Rfe1 Qb8 27. Nd5
Bf8 28. Qa1 Rd3 29. Re3 Rxe3 30. Nxe3 Qc7 31. Qc3 Nc6 32. b4 Ne5 33. Be4 Rc8
34. Rc1 a5 35. bxa5 bxa5 36. Rc2 Bc5 37. Nd1 Rd8 38. Nb2 Bd4 39. Qb3 f5 40. Bf3
Rb8 41. Qa2 Nxf3 42. Kxf3 Qb7+ 0-1

[Event "35 Open Ciudad de San Sebastián"]
[Site "San Sebastian ESP"]
[Date "2012.04.06"]
[Round "8.13"]
[White "Libiszewski, Fabien"]
[Black "Sgnaolin, Davide"]
[Result "1-0"]
[WhiteElo "2523"]
[BlackElo "2254"]
[PlyCount "99"]
[EventDate "2012.03.31"]
[EventType "swiss"]
[EventRounds "9"]
[EventCountry "ESP"]
[Source "lmi"]
[SourceDate "2012.03.31"]

1. e4 c5 2. d3 Nc6 3. g3 g6 4. Bg2 Bg7 5. f4 d6 6. Nf3 e6 7. O-O Nge7 8. c3 O-O
9. Be3 b6 10. Bf2 e5 11. Na3 Rb8 12. Nc2 f5 13. exf5 Bxf5 14. fxe5 Nxe5 15.
Nxe5 dxe5 16. Be4 Bh3 17. Re1 Nd5 18. Ne3 Nxe3 19. Bxe3 Qd7 20. a4 Kh8 21. a5
Rf6 22. axb6 axb6 23. Qa4 Qf7 24. Qa7 Rf8 25. Qxf7 R6xf7 26. Ra8 Rxa8 27. Bxa8
Bf8 28. Bg2 Bf5 29. Rf1 Kg7 30. Bd5 Rd7 31. Be4 Bxe4 32. dxe4 Be7 33. Ra1 Kf7
34. Kf2 Rb7 35. Ra8 Ke6 36. Ke2 Kd6 37. Rh8 Bf6 38. Rf8 Ke7 39. Ra8 Kd6 40. Kd3
Rd7 41. Kc4 Kc6 42. Rc8+ Kb7 43. Re8 Kc6 44. Re6+ Rd6 45. Rxd6+ Kxd6 46. Kb5
Bd8 47. b4 cxb4 48. cxb4 h5 49. Bxb6 Bg5 50. Bc5+ 1-0

[Event "35 Open Ciudad de San Sebastián"]
[Site "San Sebastian ESP"]
[Date "2012.04.06"]
[Round "8.14"]
[White "Pap, Misa"]
[Black "Lasinskas, Povilas"]
[Result "1-0"]
[WhiteElo "2501"]
[BlackElo "2170"]
[PlyCount "49"]
[EventDate "2012.03.31"]
[EventType "swiss"]
[EventRounds "9"]
[EventCountry "ESP"]
[Source "lmi"]
[SourceDate "2012.03.31"]

1. e4 e5 2. Nf3 d6 3. d4 Nd7 4. Bc4 c6 5. dxe5 dxe5 6. Ng5 Nh6 7. O-O Bc5 8.
Qh5 Nf6 9. Bxf7+ Ke7 10. Qe2 Rf8 11. Be6 Nfg4 12. Bxg4 Bxg4 13. Qe1 Qb6 14. Nd2
Rad8 15. h3 Bh5 16. Ndf3 Rd6 17. Be3 Bxe3 18. fxe3 Bxf3 19. Nxf3 Qc5 20. Qh4+
Kd7 21. Nxe5+ Ke8 22. Qh5+ Rg6 23. Rxf8+ Qxf8 24. Nxg6 hxg6 25. Qxg6+ 1-0

[Event "35 Open Ciudad de San Sebastián"]
[Site "San Sebastian ESP"]
[Date "2012.04.06"]
[Round "8.15"]
[White "Aranaz Murillo, Amalia"]
[Black "Pogorelov, Ruslan"]
[Result "1-0"]
[WhiteElo "2224"]
[BlackElo "2426"]
[PlyCount "73"]
[EventDate "2012.03.31"]
[EventType "swiss"]
[EventRounds "9"]
[EventCountry "ESP"]
[Source "lmi"]
[SourceDate "2012.03.31"]

1. Nf3 c5 2. c4 g6 3. g3 Bg7 4. Bg2 Nc6 5. Nc3 b6 6. O-O Bb7 7. e3 Bxc3 8. bxc3
d6 9. e4 Qd7 10. d3 O-O-O 11. Nd2 h5 12. a4 h4 13. Nb3 a5 14. Rb1 Kb8 15. Na1
Ka7 16. Qb3 Qc7 17. Nc2 Rb8 18. Na3 Qd8 19. Nb5+ Ka6 20. d4 h3 21. Bh1 Nf6 22.
e5 dxe5 23. dxc5 bxc5 24. Rd1 Qb6 25. Be3 Na7 26. Nxa7 Qxb3 27. Rxb3 Bxh1 28.
Nb5 Rbc8 29. Kxh1 Rc6 30. Rb2 Rhc8 31. Rbd2 Kb6 32. Rd8 Rxd8 33. Rxd8 Ng4 34.
Rd7 Rf6 35. Kg1 Rf3 36. Bxc5+ Kxc5 37. Rc7+ 1-0

[Event "35 Open Ciudad de San Sebastián"]
[Site "San Sebastian ESP"]
[Date "2012.04.06"]
[Round "8.16"]
[White "Vishnu, Prasanna  V"]
[Black "Ladron de Guevara Galar, Fco J"]
[Result "1-0"]
[WhiteElo "2406"]
[BlackElo "2139"]
[PlyCount "83"]
[EventDate "2012.03.31"]
[EventType "swiss"]
[EventRounds "9"]
[EventCountry "ESP"]
[Source "lmi"]
[SourceDate "2012.03.31"]

1. e4 e5 2. Nf3 Nc6 3. Bb5 a6 4. Ba4 Nf6 5. O-O Be7 6. d3 d6 7. c4 Bd7 8. Nc3
O-O 9. h3 Nb8 10. Bxd7 Nbxd7 11. d4 c6 12. Qc2 Re8 13. Rd1 Qc7 14. Be3 Bf8 15.
d5 cxd5 16. cxd5 b5 17. Qb1 Rec8 18. Rc1 Qb7 19. Nd2 Be7 20. a4 b4 21. Ne2 Bd8
22. Nc4 Qb8 23. Ng3 g6 24. Nf1 a5 25. Nfd2 Nb6 26. Qd3 Nfd7 27. Nb3 Nxc4 28.
Rxc4 Bb6 29. Rxc8+ Qxc8 30. Rc1 Qd8 31. Bxb6 Nxb6 32. Qb5 Nd7 33. Rc6 Nf6 34.
Nd2 Nh5 35. Qb7 Qf8 36. Nc4 Nf4 37. Nxd6 Rd8 38. Qc7 Ra8 39. Nc8 Ne2+ 40. Kf1
Nd4 41. Rc4 f5 42. Ne7+ 1-0

[Event "35 Open Ciudad de San Sebastián"]
[Site "San Sebastian ESP"]
[Date "2012.04.07"]
[Round "9.2"]
[White "Rausis, Igor"]
[Black "Marzolo, Cyril"]
[Result "1-0"]
[WhiteElo "2481"]
[BlackElo "2441"]
[PlyCount "57"]
[EventDate "2012.03.31"]
[EventType "swiss"]
[EventRounds "9"]
[EventCountry "ESP"]
[Source "lmi"]
[SourceDate "2012.03.31"]

1. e4 e5 2. Bc4 Nf6 3. d3 Bc5 4. Nf3 d6 5. Nc3 Nc6 6. Na4 O-O 7. Nxc5 dxc5 8.
Bg5 Qd6 9. Qd2 Nd7 10. Bd5 Re8 11. Be3 Nb6 12. Bxc6 Qxc6 13. Qc3 Nd7 14. O-O a5
15. a3 a4 16. b4 axb3 17. cxb3 Ra6 18. Rfc1 Qb5 19. a4 Qa5 20. Bxc5 Qxc3 21.
Rxc3 f6 22. b4 c6 23. Nd2 Nxc5 24. bxc5 Be6 25. Nc4 Bxc4 26. Rxc4 Rd8 27. Ra3
Rd4 28. Rxd4 exd4 29. a5 1-0

[Event "35 Open Ciudad de San Sebastián"]
[Site "San Sebastian ESP"]
[Date "2012.04.07"]
[Round "9.3"]
[White "Tratar, Marko"]
[Black "Romanishin, Oleg M"]
[Result "1/2-1/2"]
[WhiteElo "2499"]
[BlackElo "2541"]
[PlyCount "70"]
[EventDate "2012.03.31"]
[EventType "swiss"]
[EventRounds "9"]
[EventCountry "ESP"]
[Source "lmi"]
[SourceDate "2012.03.31"]

1. Nf3 Nf6 2. c4 e6 3. g3 a6 4. Bg2 b5 5. b3 c5 6. Nc3 Qa5 7. O-O Bb7 8. Bb2
Be7 9. e4 d6 10. e5 dxe5 11. Nxe5 Qc7 12. Bxb7 Qxb7 13. Qe2 bxc4 14. Qxc4 O-O
15. Rad1 Nbd7 16. Nxd7 Nxd7 17. Qe4 Qxe4 18. Nxe4 f5 19. Nc3 Ne5 20. Na4 Nd3
21. Bc3 Bf6 22. Rb1 Rad8 23. Nb2 Kf7 24. f4 Rd5 25. Bxf6 Kxf6 26. Nxd3 Rxd3 27.
Rf2 Rfd8 28. Rb2 h6 29. Rc2 R8d5 30. Kf1 g5 31. Ke2 R3d4 32. Rf3 Re4+ 33. Kf2
Red4 34. Ke2 Re4+ 35. Kf2 Red4 1/2-1/2

[Event "35 Open Ciudad de San Sebastián"]
[Site "San Sebastian ESP"]
[Date "2012.04.07"]
[Round "9.5"]
[White "Lopez Martinez, Josep Manuel"]
[Black "Hansen, Torbjorn Ringdal"]
[Result "1-0"]
[WhiteElo "2508"]
[BlackElo "2469"]
[PlyCount "61"]
[EventDate "2012.03.31"]
[EventType "swiss"]
[EventRounds "9"]
[EventCountry "ESP"]
[Source "lmi"]
[SourceDate "2012.03.31"]

1. e4 c5 2. Nf3 d6 3. d4 cxd4 4. Nxd4 Nf6 5. Nc3 g6 6. Be3 Bg7 7. f3 O-O 8. Qd2
Nc6 9. O-O-O d5 10. Qe1 e5 11. Nxc6 bxc6 12. exd5 cxd5 13. Bg5 Be6 14. Bc4 Qb6
15. Bxf6 Bxf6 16. Nxd5 Bxd5 17. Rxd5 Rad8 18. Qe4 Qf2 19. g4 Qg2 20. Rhd1 Qxh2
21. b4 Rxd5 22. Rxd5 Bg5+ 23. Kb2 Qf4 24. Rxe5 Qc1+ 25. Kb3 Kg7 26. Rb5 Bf6 27.
Rb7 a6 28. f4 h6 29. Ka4 Qd2 30. Qe6 Qxc2+ 31. Bb3 1-0

[Event "35 Open Ciudad de San Sebastián"]
[Site "San Sebastian ESP"]
[Date "2012.04.07"]
[Round "9.6"]
[White "Alonso Arburu, Juan Ignacio"]
[Black "Elsness, Frode"]
[Result "1-0"]
[WhiteElo "2364"]
[BlackElo "2499"]
[PlyCount "121"]
[EventDate "2012.03.31"]
[EventType "swiss"]
[EventRounds "9"]
[EventCountry "ESP"]
[Source "lmi"]
[SourceDate "2012.03.31"]

1. d4 Nf6 2. Nf3 g6 3. c4 Bg7 4. Nc3 d5 5. e3 O-O 6. Be2 c5 7. O-O cxd4 8. exd4
Nc6 9. Bg5 dxc4 10. Bxc4 Bg4 11. d5 Bxf3 12. Qxf3 Ne5 13. Qe2 Nxc4 14. Qxc4 h6
15. Bh4 Qd7 16. Rfe1 Rac8 17. Qb3 Rfd8 18. Rad1 Rc5 19. d6 e6 20. Ne4 Rb5 21.
Qf3 Rf5 22. Qe3 Nxe4 23. Bxd8 Nxf2 24. Rd2 Qxd8 25. Rxf2 Qxd6 26. Rd2 Qb4 27.
Red1 a6 28. b3 Kh7 29. Rf2 Re5 30. Qd2 Qb6 31. Kf1 f5 32. Re2 Rd5 33. Qc2 Qd6
34. Rxd5 exd5 35. g3 d4 36. Qc4 h5 37. Qe6 Qc7 38. Qe8 f4 39. Kg2 d3 40. Re7
Qc2+ 41. Kh3 Qc5 42. Qf7 Qc8+ 43. Rd7 Qc3 44. Qd5 fxg3 45. Kxg3 Qe1+ 46. Kg2
Qe2+ 47. Kg1 Qd1+ 48. Kf2 Qc2+ 49. Kg3 h4+ 50. Kh3 Qf2 51. Qxd3 b5 52. Rd6 Bf6
53. Rxa6 Kh6 54. Rd6 g5 55. Rd7 g4+ 56. Kxg4 Qg2+ 57. Kf5 Qg5+ 58. Ke6 Bg7 59.
Qf5 Qe3+ 60. Kf7 Qb6 61. Re7 1-0

[Event "35 Open Ciudad de San Sebastián"]
[Site "San Sebastian ESP"]
[Date "2012.04.07"]
[Round "9.9"]
[White "Andres Gonzalez, Ivan"]
[Black "Moreno Ruiz, Javier"]
[Result "0-1"]
[WhiteElo "2312"]
[BlackElo "2513"]
[PlyCount "124"]
[EventDate "2012.03.31"]
[EventType "swiss"]
[EventRounds "9"]
[EventCountry "ESP"]
[Source "lmi"]
[SourceDate "2012.03.31"]

1. e4 e5 2. Nf3 Nc6 3. Nc3 Nf6 4. a3 Be7 5. Bc4 Nxe4 6. Nxe4 d5 7. Bb5 dxe4 8.
Nxe5 Qd5 9. Nxc6 bxc6 10. Be2 Bf5 11. O-O Rd8 12. d4 exd3 13. cxd3 O-O 14. Be3
Bf6 15. Rc1 Bxb2 16. Rc5 Qe6 17. Qa4 Bxd3 18. Rxc6 Qe8 19. Bxd3 Rxd3 20. Qc2
Rxe3 21. fxe3 Qxe3+ 22. Kh1 Be5 23. a4 g6 24. Qc1 Qe2 25. Qd1 Qe4 26. Rc5 Bd6
27. Rc3 Qe5 28. Rh3 Re8 29. Qb3 Qe6 30. Qb7 Qc4 31. Rhf3 Qxa4 32. Qd5 Qd7 33.
Rxf7 Qe6 34. Qxe6 Rxe6 35. Rd7 a5 36. g3 a4 37. Rd8+ Kg7 38. Ra8 a3 39. Rf2 Rf6
40. Rc2 Kf7 41. Kg2 Ke6 42. g4 Rf4 43. h3 Kd5 44. Rxa3 Bxa3 45. Rxc7 h6 46. Rh7
Bf8 47. Rb7 Ke6 48. Rb6+ Bd6 49. Rc6 Rd4 50. Rc3 Kf6 51. Re3 Rd2+ 52. Kf3 Rh2
53. Ke4 Kg5 54. Rd3 Re2+ 55. Kf3 Re6 56. Kg2 Kh4 57. Rd5 Bf4 58. Rd3 Rd6 59.
Rc3 g5 60. Ra3 Rd2+ 61. Kg1 Bg3 62. Ra6 Rd6 0-1

[Event "35 Open Ciudad de San Sebastián"]
[Site "San Sebastian ESP"]
[Date "2012.04.07"]
[Round "9.10"]
[White "Sahl, Sheila Barth"]
[Black "Pap, Misa"]
[Result "0-1"]
[WhiteElo "2214"]
[BlackElo "2501"]
[PlyCount "106"]
[EventDate "2012.03.31"]
[EventType "swiss"]
[EventRounds "9"]
[EventCountry "ESP"]
[Source "lmi"]
[SourceDate "2012.03.31"]

1. c4 g6 2. g3 Bg7 3. Bg2 c5 4. Nc3 Nc6 5. a3 d6 6. Rb1 a5 7. Nf3 Nh6 8. d3 Nf5
9. O-O O-O 10. Bd2 h6 11. Nb5 Kh7 12. e3 e5 13. b4 axb4 14. axb4 Be6 15. Qb3
Nfe7 16. bxc5 dxc5 17. Rfd1 f5 18. Bc3 Qb8 19. Ra1 Rxa1 20. Rxa1 Rd8 21. Ne1
Rd7 22. Qa3 b6 23. Qb2 Qh8 24. e4 Qd8 25. Ra6 Nd4 26. Bxd4 exd4 27. exf5 Nxf5
28. Na7 Rd6 29. Nb5 Rd7 30. Na7 Bg8 31. Nc2 Bxc4 32. Nc6 Qe8 33. Ra3 Bxd3 34.
Rxd3 c4 35. Rd1 d3 36. Qb1 dxc2 37. Qxc2 Rxd1+ 38. Qxd1 b5 39. g4 Nh4 40. Bd5
Qf8 41. Qe2 Qf4 42. h3 Qc1+ 43. Kh2 Qf4+ 44. Kg1 Qd6 45. Ne7 Bd4 46. Qe4 Qg3+
47. Kh1 Qxh3+ 48. Kg1 Qg3+ 49. Kh1 Qxf2 50. Qb1 Qe3 51. Kh2 Be5+ 52. Kh1 Qh3+
53. Kg1 Bd4# 0-1

[Event "35 Open Ciudad de San Sebastián"]
[Site "San Sebastian ESP"]
[Date "2012.04.07"]
[Round "9.11"]
[White "Gonzalez Perez, Arian"]
[Black "Devereaux, Maxim L"]
[Result "0-1"]
[WhiteElo "2468"]
[BlackElo "2373"]
[PlyCount "64"]
[EventDate "2012.03.31"]
[EventType "swiss"]
[EventRounds "9"]
[EventCountry "ESP"]
[Source "lmi"]
[SourceDate "2012.03.31"]

1. Nf3 Nf6 2. c4 c6 3. d4 d5 4. Nc3 dxc4 5. e4 b5 6. e5 Nd5 7. a4 h6 8. Be2
Nxc3 9. bxc3 Be6 10. O-O Bd5 11. Ba3 e6 12. Bxf8 Kxf8 13. Nd2 Nd7 14. f4 g6 15.
Qb1 a6 16. Ne4 Kg7 17. Nd6 Nb6 18. Bf3 Qd7 19. g4 Nc8 20. Ne4 Bxe4 21. Bxe4 Ne7
22. Ra2 Rhg8 23. Rg2 Nd5 24. Rf3 Nxc3 25. Rxc3 Qxd4+ 26. Rf2 Qxc3 27. f5 gxf5
28. gxf5 Kh8+ 29. Kh1 Qd4 30. Rf4 Rad8 31. Qf1 exf5 32. Bxf5 Qxf4 0-1

[Event "35 Open Ciudad de San Sebastián"]
[Site "San Sebastian ESP"]
[Date "2012.04.07"]
[Round "9.12"]
[White "Urkedal, Frode"]
[Black "Anurag, Mhamal"]
[Result "1/2-1/2"]
[WhiteElo "2460"]
[BlackElo "2273"]
[PlyCount "145"]
[EventDate "2012.03.31"]
[EventType "swiss"]
[EventRounds "9"]
[EventCountry "ESP"]
[Source "lmi"]
[SourceDate "2012.03.31"]

1. d4 d5 2. c4 c6 3. Nf3 Nf6 4. Nc3 g6 5. cxd5 cxd5 6. Bf4 Bg7 7. e3 O-O 8. Bd3
Nc6 9. h3 Bf5 10. Bxf5 gxf5 11. g4 Qb6 12. Qc2 Ne4 13. gxf5 Nb4 14. Qe2 Nd3+
15. Qxd3 Qxb2 16. O-O Qxc3 17. Qb5 Qc8 18. Nh4 Nc3 19. Qd3 Qc4 20. Qxc4 dxc4
21. Kh1 Rfc8 22. Rg1 Kf8 23. Nf3 Ne2 24. f6 Bxf6 25. Bh6+ Ke8 26. Rge1 Nc3 27.
e4 b5 28. Bd2 Na4 29. e5 Bg7 30. Rg1 Bf8 31. e6 fxe6 32. Ne5 c3 33. Bf4 Kd8 34.
Rg8 Kc7 35. Kg2 Kb7 36. Kf3 c2 37. Ke2 Nc3+ 38. Kd3 Nd5 39. Bd2 Rc7 40. Rc1
Rac8 41. f4 b4 42. Ke2 a5 43. Nd3 Nf6 44. Rg5 Nd5 45. Nc5+ Rxc5 46. dxc5 Rxc5
47. Kd3 Bh6 48. Rg4 e5 49. fxe5 Ne3 50. Rh4 Rd5+ 51. Ke2 Rxe5 52. Rxh6 Nf5+ 53.
Kd3 Nxh6 54. Bxh6 Rh5 55. Be3 Rxh3 56. Rxc2 Rh5 57. Kc4 Kc6 58. Bd4 e5 59. Be3
Rh4+ 60. Kb3+ Kd5 61. Ka4 Rh3 62. Bc1 Rc3 63. Rd2+ Ke6 64. Bb2 Rc5 65. Rh2 e4
66. Rxh7 Rc2 67. Kb3 Rg2 68. Rh6+ Kd7 69. Ra6 Rg3+ 70. Kc4 Rg2 71. Kb3 Rg3+ 72.
Kc4 Rg2 73. Kb3 1/2-1/2

[Event "35 Open Ciudad de San Sebastián"]
[Site "San Sebastian ESP"]
[Date "2012.04.07"]
[Round "9.13"]
[White "Satyapragyan, Swayangsu"]
[Black "Aranaz Murillo, Amalia"]
[Result "1-0"]
[WhiteElo "2432"]
[BlackElo "2224"]
[PlyCount "45"]
[EventDate "2012.03.31"]
[EventType "swiss"]
[EventRounds "9"]
[EventCountry "ESP"]
[Source "lmi"]
[SourceDate "2012.03.31"]

1. e4 c6 2. Ne2 d5 3. e5 c5 4. d4 Nc6 5. c3 Bf5 6. dxc5 e6 7. b4 Nxe5 8. Nd4
Bg6 9. Bb5+ Nd7 10. O-O Ngf6 11. Qe2 Be7 12. Bf4 Bxb1 13. Raxb1 O-O 14. Rbc1 a6
15. Ba4 Nb8 16. Rfe1 Qc8 17. Qd1 h6 18. Nf5 Bd8 19. Nd6 Qc7 20. Re3 Nc6 21. Rh3
e5 22. Bxc6 exf4 23. Bxb7 1-0

[Event "35 Open Ciudad de San Sebastián"]
[Site "San Sebastian ESP"]
[Date "2012.04.07"]
[Round "9.14"]
[White "Thomassen, Joachim"]
[Black "Pastor Pons, Pedro Maria"]
[Result "1-0"]
[WhiteElo "2400"]
[BlackElo "2143"]
[PlyCount "73"]
[EventDate "2012.03.31"]
[EventType "swiss"]
[EventRounds "9"]
[EventCountry "ESP"]
[Source "lmi"]
[SourceDate "2012.03.31"]

1. d4 Nf6 2. c4 g6 3. g3 Bg7 4. Bg2 O-O 5. Nf3 d6 6. O-O Nbd7 7. Nc3 c6 8. h3
h6 9. e4 e5 10. Be3 Qe7 11. Re1 Re8 12. Qc2 b6 13. d5 c5 14. Rf1 Rf8 15. Ne1
Nh5 16. Qd1 a6 17. a4 Rb8 18. Nd3 Kh7 19. Kh2 Nhf6 20. Qd2 Ne8 21. f4 Nc7 22.
Rab1 b5 23. cxb5 axb5 24. Nxb5 Nxb5 25. axb5 Rxb5 26. f5 Nb6 27. b3 Bd7 28. Qf2
Rb8 29. f6 Bxf6 30. Qxf6 Qxf6 31. Rxf6 Kg7 32. Rxd6 Bxh3 33. Kxh3 Nc4 34. bxc4
Rxb1 35. Nxe5 Re8 36. Bxc5 Rxe5 37. Bd4 1-0